al-Āthār al-Miṣrīyah fī al-adab al-ʻArabī /

محفوظ في:

المؤلف الرئيسي: Badawī, Aḥmad Aḥmad (مؤلف)

التنسيق: كتاب

اللغة: Arabic

منشور في: [al-Qāhirah] : Dār al-Qalam, [1965].

سلاسل: Maktabah al-Thaqafiyah ; 124.

الموضوعات:

الوسوم: إضافة وسم

لا توجد وسوم, كن أول من يضع وسما على هذه التسجيلة!

رقم الطلب: PJ7519 .E4 B3 1965

LEADER 01145nam a2200289Ia 4500
003 OSt
005 20231011081701.0
008 130303s1965 ua 000 0 ara d
952 |0 0  |1 0  |2 lcc  |4 0  |6 PJ7519 E4 B3 01965  |7 1  |9 50384  |a ARCE  |b ARCE  |d 2023-10-11  |l 0  |o PJ7519 .E4 B3 1965  |r 2023-10-11 00:00:00  |w 2023-10-11  |y BK 
999 |c 29970  |d 29970 
040 |c ARCE Library 
043 |a f-ua--- 
050 4 |a PJ7519 .E4 B3 1965 
100 1 |6 880-01  |a Badawī, Aḥmad Aḥmad,  |e author 
245 1 3 |6 880-02  |a al-Āthār al-Miṣrīyah fī al-adab al-ʻArabī /   |c [taʼlīf] Aḥmad Aḥmad Badawī. 
264 1 |a [al-Qāhirah] :   |b Dār al-Qalam,   |c [1965]. 
300 |a 162 pages ;  |c 17 cm. 
490 1 |a Maktabah al-Thaqafiyah ;  |v 124. 
504 |a Bibliographical footnotes. 
555 |a Sara.lib 
650 0 |a Arabic literature  |x History and criticism. 
651 0 |a Egypt  |x In literature. 
830 0 |a Maktabah al-Thaqafiyah ;  |v 124. 
880 1 |6 100-01/(3/r  |a بدوي، أحمد أحمد 
880 1 2 |6 245-02/(3/r  |a الآثار المصرية في الأدب العربي   |c أحمد أحمد بدوي[تأليف]  
901 |a reviewed 
942 |c BK  |2 lcc